Japan and the pacific rim (Record no. 2777)

MARC details
000 -LEADER
fixed length control field 00484nam a22001697a 4500
003 - CONTROL NUMBER IDENTIFIER
control field URS
005 - DATE AND TIME OF LATEST TRANSACTION
control field 20220114142254.0
008 - FIXED-LENGTH DATA ELEMENTS--GENERAL INFORMATION
fixed length control field 190717s1995 a|||| |||| 00| 0 eng d
040 ## - CATALOGING SOURCE
Transcribing agency URS
Language of cataloging eng
Modifying agency rda
050 14 - LIBRARY OF CONGRESS CALL NUMBER
Classification number DS 801
Item number .C7136 1995
100 ## - MAIN ENTRY--PERSONAL NAME
Personal name Collinwood, Dean W.
245 10 - TITLE STATEMENT
Title Japan and the pacific rim
Statement of responsibility, etc. Dean W. Collinwood
250 ## - EDITION STATEMENT
Edition statement Third Edition
260 ## - PUBLICATION, DISTRIBUTION, ETC.
Place of publication, distribution, etc. Guilford:
Name of publisher, distributor, etc. Duckin Publishing;
Date of publication, distribution, etc. [1995]
300 ## - PHYSICAL DESCRIPTION
Extent xii, 244 pages:
Other physical details with Illustrations;
Dimensions 27 cm.
942 ## - ADDED ENTRY ELEMENTS (KOHA)
Source of classification or shelving scheme Library of Congress Classification
Koha item type Foreign Books
Holdings
Withdrawn status Source of classification or shelving scheme Damaged status Not for loan Collection code Home library Current library Shelving location Date acquired Total Checkouts Full call number Barcode Date last seen Price effective from Koha item type
  Library of Congress Classification     Non-fiction Cainta College Library Cainta College Library On Display 09/06/2017   DS801.C7136 1995 URSCAI-156 09/06/2017 09/06/2017 Foreign Books
  Library of Congress Classification     Non-fiction Cainta College Library Cainta College Library On Display 09/07/2017   DS801.C7136 1995 URSCAI-157 09/07/2017 09/07/2017 Foreign Books

University of Rizal System
Email us at univlibservices@urs.edu.ph

Visit our Website www.urs.edu.ph/library